La Creación de Dios : (Registro nro. 28995)

Detalles MARC
000 -LEADER
campo de control de longitud fija 02150cam a22004814i 4500
003 - IDENTIFICADOR DE NÚMERO DE CONTROL
campo de control PE-LiUPU
005 - FECHA Y HORA DE LA ÚLTIMA TRANSACCIÓN
campo de control 20250731173105.0
008 - DATOS DE LONGITUD FIJA--INFORMACIÓN GENERAL
campo de control de longitud fija 150706s2010 pe a r 000 0 d
020 ## - NÚMERO INTERNACIONAL ESTÁNDAR DEL LIBRO
Número Internacional Estándar del Libro
020 ## - NÚMERO INTERNACIONAL ESTÁNDAR DEL LIBRO
Número Internacional Estándar del Libro
035 ## - NÚMERO DE CONTROL DEL SISTEMA
Número de control de sistema (Sirsi) a249434
040 ## - FUENTE DE CATALOGACIÓN
Centro catalogador/agencia de origen PE-LiUPU
Lengua de catalogación spa
Centro/agencia transcriptor PE-LiUPU
Normas de descripción rda
049 ## - FONDOS LOCALES (OCLC)
Biblioteca depositaria PRUA
082 04 - NÚMERO DE LA CLASIFICACIÓN DECIMAL DEWEY
Número de clasificación 230
Cutter Y78
Número de edición 21
100 1# - ENTRADA PRINCIPAL--NOMBRE DE PERSONA
Nombre de persona Younker, Randall W.
Término indicativo de función/relación autor.
245 13 - MENCIÓN DEL TÍTULO
Título La Creación de Dios :
Resto del título Explorando el relato del Génesis /
Mención de responsabilidad, etc. Randall W. Younker.
264 #1 - PRODUCCIÓN, PUBLICACIÓN, DISTRIBUCIÓN, FABRICACIÓN Y COPYRIGHT
Producción, publicación, distribución, fabricación y copyright Argentina :
Nombre del de productor, editor, distribuidor, fabricante Asociación Casa Editora Sudamericana,
Fecha de producción, publicación, distribución, fabricación o copyright 1999.
300 ## - DESCRIPCIÓN FÍSICA
Extensión 140 páginas ;
Dimensiones 20 centímetros.
336 ## - TIPO DE CONTENIDO
Término de tipo de contenido text
Fuente rdacontent
337 ## - TIPO DE MEDIO
Nombre/término del tipo de medio unmediated
Fuente rdamedia
338 ## - TIPO DE SOPORTE
Nombre/término del tipo de soporte volume
Fuente rdacarrier
505 0# - NOTA DE CONTENIDO CON FORMATO
Nota de contenido con formato Dios el Creador -- Los dos libros de Dios: Las Escrituras y la naturaleza -- Pero. ¿ocurrió eso realmente? -- La creación en seis días -- Una creación reciente -- Una mirada más de cerca al relato de la creación: ¿Hay contradicciones entre Génesis 1 y 2? -- El paraíso perdido: El impacto de la caída sobre la creación -- ¿Muerte antes del pecado? -- La creación y el diluvio -- El Diseñador Maestro -- El poder de Dios en la naturaleza -- El sábado y la redención en la creación -- La re-creación de Dios: La Tierra hecha nueva
526 ## - NOTA DE INFORMACIÓN SOBRE EL PROGRAMA DE ESTUDIO
Nombre del programa Segunda Especialidad En Profecías Bíblicas
526 ## - NOTA DE INFORMACIÓN SOBRE EL PROGRAMA DE ESTUDIO
Nombre del programa Segunda Especialidad En Nuevo Testamento
526 ## - NOTA DE INFORMACIÓN SOBRE EL PROGRAMA DE ESTUDIO
Nombre del programa Segunda Especialidad En Antiguo Testamento
526 ## - NOTA DE INFORMACIÓN SOBRE EL PROGRAMA DE ESTUDIO
Nombre del programa Segunda Especialidad En Estudios Adventistas
526 ## - NOTA DE INFORMACIÓN SOBRE EL PROGRAMA DE ESTUDIO
Nombre del programa Doctorado en teología
526 ## - NOTA DE INFORMACIÓN SOBRE EL PROGRAMA DE ESTUDIO
Nombre del programa Maestría en teología histórica
526 ## - NOTA DE INFORMACIÓN SOBRE EL PROGRAMA DE ESTUDIO
Nombre del programa Maestría en teología bíblica
526 ## - NOTA DE INFORMACIÓN SOBRE EL PROGRAMA DE ESTUDIO
Nombre del programa Maestría en teología
526 ## - NOTA DE INFORMACIÓN SOBRE EL PROGRAMA DE ESTUDIO
Nombre del programa Maestría en misionología
526 ## - NOTA DE INFORMACIÓN SOBRE EL PROGRAMA DE ESTUDIO
Nombre del programa Maestría en liderazgo eclesiástico
526 ## - NOTA DE INFORMACIÓN SOBRE EL PROGRAMA DE ESTUDIO
Nombre del programa Teología
596 ## -
-- 1
630 04 - PUNTO DE ACCESO ADICIONAL DE MATERIA--TÍTULO UNIFORME
Título uniforme Biblia.
Nombre de parte o sección de la obra A.T.
-- Génesis, I-XI
Subdivisión de forma Crítica, interpretación, etc.
650 14 - PUNTO DE ACCESO ADICIONAL DE MATERIA--TÉRMINO DE MATERIA
Término de materia o nombre geográfico como elemento de entrada Creación
Subdivisión general Enseñanza bíblica.
942 ## - ELEMENTOS DE ENTRADA SECUNDARIOS (KOHA)
Fuente del sistema de clasificación o colocación Clasificación Decimal Dewey
Tipo de ítem Koha
949 ## - PROCESAMIENTO DE INFORMACIÓN LOCAL (OCLC)
a 230 Y78 1999
w LC
c 1
i CW00578
l CIAE5
m BWL
p 10.00
r 1
s Y
t BOOK
u 2018-07-30
x WHITE
z UNKNOWN
0 COMPRA
o .STAFF. Centro White
949 ## - PROCESAMIENTO DE INFORMACIÓN LOCAL (OCLC)
a 230 Y78 1999
w LC
c 1
i CW00578
l CIAE5
m BWL
p 10.00
r 1
s Y
t BOOK
u 2018-07-30
x WHITE
z UNKNOWN
0 COMPRA
o .STAFF. Centro White
994 ## -
-- C0
-- PEPRU
999 ## - NÚMEROS DE CONTROL DE SISTEMA (KOHA)
-- LC
-- CW00578
-- BUL
-- 10.00
-- 0
-- Y
-- BOOK
-- 2018-7-30
-- WHITE
-- .STAFF. Centro White
980 ## - EQUIVALENCIA O REFERENCIA-CRUZADA-MENCIÓN DE SERIE--NOMBRE DE PERSONA/TÍTULO [LOCAL, CANADÁ]
ID del último usuario que modificó el registro 1
Nombre del último usuario que modificó el registro ALBERTO SANCHEZ Responsable de Automatización
Existencias
Visto por última vez Total de préstamos Signatura topográfica completa Código de barras Copia número Coste, precio de reemplazo Fecha de reemplazo Facultad Tipo de ítem Koha Nota pública Estado de pérdida Fuente del sistema de clasificación o colocación No para préstamo Programa académico Biblioteca de origen Biblioteca actual Fecha de adquisición Coste, precio normal de compra
2022-07-06   230 Y78 1999 CW00578 e1 15.00 2018-07-30   Libros físicos Este Ítem NO se presta por ser Ejemplar #1. No Perdido Clasificación Decimal Dewey Disponible para préstamos Teología Biblioteca CRAI UPeU Lima Biblioteca CRAI UPeU Lima 2018-07-30 10.00